[Event "43rd Guernsey Festival 2017"]
[Site "Vale"]
[Date "2017.10.20"]
[Round "6"]
[White "Johnsen, Gunnar"]
[Black "Le Roux, Jean-Pierre"]
[Result "0-1"]
[WhiteElo "2178"]
[BlackElo "2554"]
[Annotator "TA"]
[PlyCount "46"]
[EventDate "2017.??.??"]
[EventType "swiss"]
[EventCountry "GCI"]
[SourceTitle "playchess.com"]
[Source "ChessBase"]
[SourceQuality "1"]

{[%evp 15,46,56,60,38,48,30,19,0,64,-75,-76,-62,-52,-104,-65,-197,-208,-234,-179,-829,-835,-785,-372,-366,-362,-376,-368,-376,-370,-512,-504,-520,-516]} 1. d4 Nf6 2. c4 b6 3. Nc3 Bb7 4. Nf3 g6 5. Qc2 (5. g3 Bg7 6. Bg2 Ne4 7. Nxe4 Bxe4 8. O-O O-O 9. Be3 d6 10. Qd2 c5 11. Rfd1 Nc6 12. d5 Bxf3 13. Bxf3 Ne5 14. Rac1 Nxf3+ 15. exf3 Qd7 16. b3 b5 17. cxb5 Qxb5 {1-0 (43) Kovalenko,I (2680)-Popov,I (2650) Minsk 2015}) 5... d5 6. cxd5 {A50: Damenindisch (ohne e7-e6)} Nxd5 7. e4 Nxc3 8. bxc3 Bg7 {LiveBook: 34 Partien} 9. Bc4 O-O {[%cal Bh8f8,Bf8f7,Bf7f5][%mdl 32]} 10. h4 c5 {[%cal Rc5d4]} 11. h5 $146 ({Vorgänger:} 11. Be3 cxd4 12. cxd4 Nc6 {0-1 (32) Arounopoulos,S (2085)-Filipovic,B (2413) Basel 2011}) 11... b5 (11... cxd4 $11 12. hxg6 (12. cxd4 Nc6 $11) (12. Nxd4 Qc8 $15) 12... hxg6) 12. Bxf7+ (12. Rb1 $14 bxc4 13. Rxb7) 12... Rxf7 $17 13. hxg6 hxg6 {[%cal Rc5d4]} 14. Ng5 (14. Bh6 $15) 14... Qe8 15. e5 (15. Nxf7 $15 Qxf7 16. Bh6) 15... Rf5 $19 16. Rh4 Qc6 (16... Bxg2 17. f3) 17. dxc5 $2 (17. g4 Rxg5 18. Bxg5) 17... Qxg2 {[#] zielt auf ...Dg1+ ab.} 18. Be3 Bd5 ({Schwächer ist} 18... Qg1+ 19. Ke2 $15) (18... Rxg5 $142 19. O-O-O Nc6) 19. O-O-O {beabsichtigt Sh3.} Rxg5 20. Rxd5 Qxd5 21. Bxg5 Qe6 22. f4 Nd7 23. Qg2 Rc8 {Precision: Weiß = 15%, Schwarz = 54%.} 0-1

[Event "43rd Guernsey Festival 2017"]
[Site "Vale"]
[Date "2017.10.20"]
[Round "6"]
[White "Whatley, Stephen A J"]
[Black "Enkhtuul, Altan-Ulzii"]
[Result "0-1"]
[WhiteElo "2159"]
[BlackElo "2327"]
[Annotator "TA"]
[PlyCount "131"]
[EventDate "2017.??.??"]
[EventType "swiss"]
[EventCountry "GCI"]
[SourceTitle "playchess.com"]
[Source "ChessBase"]
[SourceQuality "1"]

{[%evp 21,131,29,82,2,3,0,26,18,22,23,22,-11,69,56,114,114,113,109,120,72,139,144,145,144,139,110,117,118,172,171,218,220,225,123,213,117,161,156,153,49,215,205,221,235,359,-6,-6,-6,0,-8,98,96,102,68,169,160,159,172,170,91,95,95,99,108,101,37,40,36,28,26,27,12,12,10,439,0,0,0,0,0,0,-6,-12,-12,0,-67,-22,-20,0,-141,-22,-136,-41,-119,-41,-333,-333,-333,-316,-820,-592,-543,-27,-29983,-29984,-29997,-29985,-29998,-29999,-29999,0,-12835]} 1. e4 Nf6 2. e5 Nd5 3. d4 d6 4. Nf3 Bg4 5. Be2 e6 6. h3 Bh5 7. c4 Nb6 8. exd6 cxd6 9. O-O Be7 10. Nc3 O-O 11. Be3 N8d7 {LiveBook: 20 Games. B05: Alekhine's Defence: 4 Nf3 Bg4} (11... d5 $11) 12. b4 $146 (12. b3 $16) ({Predecessor:} 12. b3 a5 13. d5 e5 14. Nb5 f5 15. Rc1 Bxf3 16. Bxf3 e4 17. Be2 f4 18. Bd4 Nc5 19. Bxc5 dxc5 20. Bg4 {1-0 (36) Caruana,F (2796)-Indjic,A (2569) Las Vegas 2015}) 12... Bxf3 $11 13. gxf3 Nf6 14. a4 Qc8 15. Qb3 $1 Nbd7 16. a5 e5 (16... Re8 $11) 17. f4 $14 exd4 (17... Nb8 $14) 18. Bxd4 $16 Nb8 19. Bxf6 Bxf6 20. Nd5 Bd8 (20... Qd8 $142) 21. Bg4 f5 22. Bf3 Kh8 23. Rfd1 Nc6 24. Ra2 Qe6 (24... Rb8 $16 25. Qe3 Bh4) 25. a6 $18 Rb8 26. Nc3 Qg6+ 27. Kh2 (27. Kf1 $18) 27... Bb6 (27... Qh6 $16) 28. Ne2 (28. axb7 $1 $18 Nd4 29. Rxd4 Bxd4 30. Bc6) 28... Bxf2 29. axb7 Nd8 30. Ra6 (30. Rf1 $6 Bb6 $11) (30. Qd3 $16) 30... Nxb7 $2 (30... Qe8 $1 $14) 31. Bxb7 Rxb7 32. Qf3 (32. Raxd6 Qf7 $11) 32... Rb6 (32... Qf7 $142) 33. Ra2 $2 ({White must play} 33. Rxa7 $18 Bh4 34. Rg1) 33... Bh4 $11 34. b5 $132 {[%mdl 2048] White is not keeping still} Qf7 {aiming for ...Rxb5!} 35. Qd5 Qe7 (35... Bf6 $11) 36. Nd4 $1 $16 Qe3 37. Qf3 Qxf3 ({Black should play} 37... Qe7 $14) 38. Nxf3 $18 Bf6 39. Rxa7 Rc8 40. Nd4 ({Better is} 40. Ra6 $1 $18 {[%cal Ra6b6]} Rbb8 41. Ra4 (41. Rdxd6 Rxc4 42. Ne5 Rxf4 $11)) 40... h6 41. Nc6 ({Much worse is} 41. Nxf5 $6 Rxc4 42. Ne3 (42. Nxd6 Rxf4 43. Kg2 Rb4 $11) 42... Rc8 $11) 41... Rbxc6 42. bxc6 Rxc6 $16 {[%mdl 4096] Endgame KRR-KRB} 43. Rc1 ({White should try} 43. Rd5 $16) 43... Bd4 $14 44. Re7 Kh7 45. Rc2 Kg6 46. Rg2+ Kh5 47. Rf7 g6 $2 {[%mdl 8192] [#]} (47... Rc5 $11) 48. Rc2 $2 ({Only move:} 48. Rg5+ $1 $18 {[%mdl 512]} Kh4 (48... hxg5 49. Rh7#) 49. Rxg6) 48... Ra6 $11 49. Re7 Ra3 50. Rce2 Kh4 51. R2e6 Rxh3+ 52. Kg2 Rg3+ 53. Kh2 (53. Kf1 $11) 53... Bg1+ 54. Kh1 Kh5 55. Rg7 (55. Re1 $11 Bc5 56. Rf1) 55... Bc5 (55... Be3 $17 56. Rxd6 Bxf4) 56. Re2 (56. Kh2 $11 {remains equal.} Rg4 57. Rg8) 56... Rg1+ $17 57. Kh2 {[#]} g5 (57... Rc1 $1 $17 {Hoping for ...g5.} 58. Re8 Bd4) 58. Re6 $2 {[%mdl 8192]} (58. Rf7 $15) 58... Rf1 $19 59. fxg5 hxg5 60. Reg6 $2 (60. Re2) 60... Be3 61. Rxd6 Rc1 $2 (61... Rf2+ $19 62. Kh1 Kg4) 62. Rc6 $2 {[%mdl 8192]} (62. Rd3 $11 Bf4+ 63. Kg2) 62... Kg4 63. Rb7 Rc2+ 64. Kh1 Kg3 {[%csl Gg3][%cal Rc2h2]} 65. Rg6 Kg4 $2 (65... Rc1# {mates}) 66. Rbg7 $2 {[%mdl 8192] Precision: White = 25%, Black = 36%.} (66. Rc6 $11 Kg3 67. Rh7 Rc1#) 0-1

[Event "43rd Guernsey Festival 2017"]
[Site "Vale"]
[Date "2017.10.20"]
[Round "6"]
[White "Maloberti, David"]
[Black "Munshi, Aditya"]
[Result "1-0"]
[WhiteElo "2132"]
[BlackElo "1986"]
[Annotator "TA"]
[PlyCount "88"]
[EventDate "2017.??.??"]
[EventType "swiss"]
[EventCountry "GCI"]
[SourceTitle "playchess.com"]
[Source "ChessBase"]
[SourceQuality "1"]

{[%evp 15,88,12,39,22,25,24,22,0,15,0,42,5,46,38,58,50,100,24,22,24,25,18,21,7,15,6,5,6,65,0,0,0,58,46,45,34,31,28,56,43,45,15,22,43,54,45,66,60,48,0,0,0,0,-202,-253,-185,0,0,0,0,0,0,0,0,0,0,0,0,0,-32,-32,-50,-50,-50,0]} 1. d4 Nf6 2. c4 e6 3. Nf3 b6 4. Nc3 Bb4 5. Qc2 Bb7 6. a3 Bxc3+ 7. Qxc3 h6 {E21: Nimzoindisch (4.Sf3)} (7... O-O 8. Bg5 d6 9. Nd2 Nbd7 10. e3 c5 11. dxc5 Nxc5 12. b4 Ncd7 13. f3 Rc8 14. Be2 Ne5 15. Qb2 Ng6 16. Rc1 h6 17. Bxf6 Qxf6 18. Qxf6 gxf6 {1-0 (47) Carlsen,M (2855)-Topalov,V (2761) Leuven 2016}) 8. e3 d6 {LiveBook: 4 Partien} 9. Bd3 Nbd7 {Die Stellung ist ausgeglichen.} 10. O-O O-O $146 ({Vorgänger:} 10... c5 11. Re1 O-O 12. e4 cxd4 13. Nxd4 Nc5 14. f3 Nxd3 15. Qxd3 {0-1 (30) Van Malder,D (1474)-Kolp,T (1664) Blankenberge 2015}) 11. Rd1 c5 12. b4 Qc7 13. dxc5 bxc5 14. Bb2 e5 15. Nd2 Rfe8 {[#]} 16. e4 (16. b5 $1 $16) 16... Rab8 17. b5 Nf8 18. f3 Ne6 19. Nf1 Nh5 20. Qd2 Nhf4 21. Ne3 g6 (21... Qd8 $11) 22. Nd5 (22. Bf1 $14) 22... Bxd5 $1 $11 23. exd5 Nxd3 ({Lieber} 23... Nd4 $11) 24. Qxd3 Nd4 25. a4 {[%cal Ba3a4,Ba4a5][%mdl 32]} f5 26. Re1 Qf7 27. a5 Kh7 28. Bxd4 (28. Rab1 {is interesting.} g5 29. Bc3 Kg6 30. h3 h5 31. Rb2) 28... cxd4 29. f4 Qf6 30. fxe5 Rxe5 31. Rxe5 dxe5 $14 {[%mdl 4096] Endspiel KDT-KDT} 32. c5 {Droht b6 und aus.} (32. Rd1 $5 {[%cal Rc4c5]}) 32... e4 33. Qc4 d3 $36 {[%mdl 2048] Schwarz steht aktiver.} 34. Rb1 $2 {[#]} (34. Rd1 $11) 34... d2 $1 $19 35. d6 Rxb5 $2 (35... e3 $19 36. b6 f4) 36. Qxb5 $11 Qd4+ 37. Kf1 {Droht Matt per Dd7+.} d1=Q+ 38. Rxd1 Qxd1+ {KD-KD} 39. Kf2 {Schwarz muss nun Db7+ beachten.} Qd2+ 40. Kf1 Qd1+ 41. Kf2 {Und weiter mit Db7+ wäre nett.} Qd2+ 42. Qe2 e3+ {Schwarz steht etwas besser.} 43. Kf1 {Dxd2 ist eine echte Drohung.} Qc1+ 44. Qe1 Qc4+ {[%mdl 32768] Precision: Weiß = 31%, Schwarz = 43%. . Loss on Time!?} (44... Qxc5 $5 {[%cal Rf5f4]} 45. d7 Qb5+ 46. Qe2 Qb1+ 47. Qe1 Qd3+ 48. Qe2 Qd4 $17) 1-0

[Event "43rd Guernsey Festival 2017"]
[Site "Vale"]
[Date "2017.10.20"]
[Round "6"]
[White "Timmermans, Ivo"]
[Black "Vorstermans, Peter"]
[Result "1/2-1/2"]
[WhiteElo "2126"]
[BlackElo "2007"]
[Annotator "TA"]
[PlyCount "38"]
[EventDate "2017.??.??"]
[EventType "swiss"]
[EventCountry "GCI"]
[SourceTitle "playchess.com"]
[Source "ChessBase"]
[SourceQuality "1"]

{[%evp 11,38,21,29,28,36,29,68,67,45,22,11,-9,-24,-21,4,0,-11,-44,-40,-87,-87,-92,-72,-89,-85,-89,-80,-174,-168]} 1. d4 f5 2. g3 Nf6 3. Bg2 g6 4. c3 Bg7 5. Qb3 c6 6. Nh3 Qb6 {LiveBook: 27 Games. A81: Dutch Defence: 2 g3} 7. Qc2 (7. Nd2 d6 8. Nf4 Qxb3 9. axb3 e5 10. dxe5 dxe5 11. Nc4 exf4 12. Nb6 Na6 13. Rxa6 bxa6 14. Bxc6+ Kf7 15. Nxa8 fxg3 16. hxg3 Be6 17. Nc7 Bxb3 18. Nxa6 Rd8 19. Bd2 Rd6 20. Bb5 Nd5 21. Nb4 {½-½ (21) Becskei,Z (2313)-Nadj Hedjesi,B (2319) Kecskemet 2017}) 7... d6 8. Nd2 Be6 {White has an edge.} 9. Nf4 $146 ({Predecessor:} 9. e4 fxe4 10. Nxe4 Nxe4 11. Qxe4 Bd5 12. Qg4 Bxg2 {0-1 (12) Ponceleusz,B (1980)-Krasiewicz,R (2042) Warsaw 2007}) 9... Bf7 10. Nf3 Ne4 11. Be3 Qc7 12. h4 e5 13. dxe5 dxe5 14. Nd3 Nd7 {[%cal Bb8d7,Bd7e5,Be5c4][%mdl 32]} 15. a4 h6 16. a5 Nd6 {Strongly threatening ...e4.} 17. Nd2 e4 18. Nf4 Ne5 19. f3 (19. O-O $17) 19... Nec4 {Precision: White = 44%, Black = 77%.} 1/2-1/2

[Event "43rd Guernsey Festival 2017"]
[Site "Vale"]
[Date "2017.10.20"]
[Round "6"]
[White "Hoogland, Dirk"]
[Black "Bowmer, Kevin"]
[Result "1-0"]
[WhiteElo "2098"]
[BlackElo "2041"]
[Annotator "NA RC"]
[PlyCount "82"]
[EventDate "2017.??.??"]
[EventType "swiss"]
[EventCountry "GCI"]
[SourceTitle "playchess.com"]
[Source "ChessBase"]
[SourceQuality "1"]
[TimeControl "40/6000+30:2400+30"]

{[%evp 8,81,8,-6,3,-9,13,4,4,32767,32767,32767,32767,0,16,8,0,14,8,12,0,-8,-8,-5,-6,32767,-16,-19,-22,-32,-29,-18,-18,-18,0,-42,-30,-27,-25,-40,32767,32767,32767,32767,32767,-9,0,-14,22,0,0,16,0,8,11,4,27,15,38,23,24,30,39,0,0,0,12,6,162,0,0,0,15,8,10,4]} 1. c4 {[%emt 0:00:00]} g6 {[%emt 0:00:10]} 2. g3 {[%emt 0:00:00]} Bg7 {[%emt 0:00:11]} 3. Nc3 {[%emt 0:00:00]} c5 {[%emt 0:00:29]} 4. Bg2 {[%emt 0:00:21]} Nc6 {[%emt 0:00:30]} 5. e4 {[%emt 0:00:32]} d6 {[%emt 0:02:52]} 6. Nge2 {[%emt 0:00:54]} e5 {[%emt 0:03:54]} 7. O-O {[%emt 0:01:51]} Nge7 {[%emt 0:00:46]} 8. d3 {[%emt 0:01:36]} O-O {[%emt 0:00:56]} 9. a3 {[%emt 0:01:05]} a6 {[%emt 0:07:40]} 10. Rb1 {[%emt 0:00:51]} Rb8 {[%emt 0:00:30]} 11. b4 {[%emt 0:06:56] LiveBook: 11 Games} cxb4 {[%emt 0:03:16]} 12. axb4 {[%emt 0:00:30]} b5 {[%emt 0:00:59]} 13. cxb5 {[%emt 0:02:07]} axb5 {[%emt 0:00:29]} 14. Be3 {[%emt 0:01:22]} Nd4 {[%emt 0:09:17]} 15. Qd2 {[%emt 0:01:20]} Be6 {[%emt 0:10:12]} 16. f4 {[%emt 0:02:45]} Qd7 {[%emt 0:10:32]} 17. Bf2 {[%emt 0:05:01]} Nxe2+ {[%emt 0:16:15]} 18. Nxe2 {[%emt 0:01:34]} Rfc8 {[%emt 0:06:26]} 19. Rfc1 {[%emt 0:07:55]} Ra8 {[%emt 0:04:16]} 20. Rxc8+ {[%emt 0:15:41]} Rxc8 {[%emt 0:01:16]} 21. Rc1 {[%emt 0:10:32]} Rxc1+ {[%emt 0:02:04]} 22. Qxc1 {[%emt 0:00:57]} Qc6 {[%emt 0:01:26]} 23. Qb1 {[%emt 0:00:25]} Qc7 {[%emt 0:01:37]} 24. fxe5 {[%emt 0:05:07]} dxe5 {[%emt 0:00:34]} 25. Bc5 {[%emt 0:00:18]} Bh6 {[%emt 0:03:49]} 26. Qa1 {[%emt 0:03:12]} Bf8 {[%emt 0:05:16]} 27. Nc3 {[%emt 0:05:21]} Nc8 {[%emt 0:02:53]} 28. Qa3 {[%emt 0:01:52]} Qd7 {[%emt 0:04:03]} 29. Nd5 {[%emt 0:02:46]} Bxd5 {[%emt 0:04:47]} 30. exd5 {[%emt 0:00:10]} Bd6 {[%emt 0:01:44]} 31. Qa8 {[%emt 0:01:15]} Kg7 {[%emt 0:00:51]} 32. Qa6 {[%emt 0:01:56]} Kf8 {[%emt 0:01:50]} 33. Qa1 {[%emt 0:03:32]} f6 {[%emt 0:01:20]} 34. Qa6 {[%emt 0:00:41]} Kf7 {[%emt 0:00:32]} 35. d4 {[%emt 0:01:21]} exd4 {[%emt 0:00:49]} 36. Bxd4 {[%emt 0:00:16]} Be7 {[%emt 0:01:32]} 37. Bc5 {[%emt 0:01:55]} Bd6 $2 {[%emt 0:01:06] [#]} (37... Bxc5+ $11 {and Black stays safe.} 38. bxc5 Qg4) 38. Qa8 $2 {[%emt 0:01:28]} (38. Bf1 $1 $16) 38... Qc7 {[%emt 0:00:42]} 39. Qa3 {[%emt 0:00:36]} Qe7 {[%emt 0:01:04]} 40. Qc1 {[%emt 0:00:30]} Kg7 {[%emt 0:40:23]} 41. Bh3 $11 {[%emt 0:41:27]} Bc7 1-0

[Event "43rd Guernsey Festival 2017"]
[Site "Vale"]
[Date "2017.10.20"]
[Round "6"]
[White "Reijneveld, Ad"]
[Black "Kozlowski, Thierry"]
[Result "1-0"]
[WhiteElo "2078"]
[BlackElo "2002"]
[Annotator "NA RC"]
[PlyCount "81"]
[EventDate "2017.??.??"]
[EventType "swiss"]
[EventCountry "GCI"]
[SourceTitle "playchess.com"]
[Source "ChessBase"]
[SourceQuality "1"]
[TimeControl "40/6000+30:2400+30"]

{[%evp 8,81,20,20,53,24,35,20,19,20,12,32,11,4,25,16,50,56,73,56,61,22,68,72,79,59,62,18,126,127,200,196,205,103,110,32767,32767,32767,143,143,150,118,162,169,202,197,277,32767,32767,32767,32767,32767,32767,340,387,393,898,994,1052,1016,1068,1456,1117,1232,29989,29990,29991,29992,29992,29993,29993,29978,29972,29979,29974,12843]} 1. e4 {[%emt 0:00:00]} c5 {[%emt 0:06:35]} 2. Nf3 {[%emt 0:00:32]} Nc6 {[%emt 0:00:06]} 3. Bb5 {[%emt 0:00:28]} g6 {[%emt 0:00:05]} 4. O-O {[%emt 0:00:28]} Bg7 {[%emt 0:00:01]} 5. c3 {[%emt 0:00:39]} Qb6 {[%emt 0:00:43]} 6. a4 {[%emt 0:02:32] B31: Sicilian: 2...Nc6 3 Bb5 g6} Nf6 {[%emt 0:09:50]} 7. e5 {[%emt 0:04:06]} Nd5 {[%emt 0:00:08]} 8. d4 {[%emt 0:00:59]} cxd4 {[%emt 0:01:44]} 9. cxd4 {[%emt 0:00:18] LiveBook: 4 Games} O-O {[%emt 0:01:26]} 10. Nc3 {[%emt 0:02:23]} Nxc3 $1 {[%emt 0:05:20]} 11. bxc3 {[%emt 0:00:08]} a6 $146 {[%emt 0:02:07]} ({Predecessor:} 11... d6 12. exd6 exd6 13. Ba3 Na5 14. Ng5 h6 {1-0 (31) Smirin,I (2590)-Schmittdiel,E (2450) Wijk aan Zee 1993}) 12. Bc4 {[%emt 0:07:42]} d6 {[%emt 0:05:45]} 13. exd6 {[%emt 0:00:21]} exd6 {[%emt 0:00:17]} 14. Bf4 {[%emt 0:01:59]} Ne7 {[%emt 0:02:23]} 15. Re1 {[%emt 0:08:35]} d5 {[%emt 0:12:11]} 16. Ba2 {[%emt 0:12:46]} Be6 {[%emt 0:03:41]} 17. Qd2 {[%emt 0:02:06]} Rfc8 {[%emt 0:08:05]} ({Better is} 17... Rac8 $14) 18. Ng5 {[%emt 0:10:24]} Rc6 {[%emt 0:05:06]} (18... Re8 $16 {was worth a try.}) 19. Rab1 {[%emt 0:01:07]} Qa7 {[%emt 0:00:33]} 20. Rb3 {[%emt 0:18:08]} (20. Nxe6 $18 {and White stays clearly on top.} fxe6 21. Bg5) 20... b6 {[%emt 0:15:09]} 21. Nxe6 {[%emt 0:03:14]} fxe6 {[%emt 0:00:09]} 22. Bb1 {[%emt 0:00:40]} Rf8 {[%emt 0:20:04]} 23. Bd3 {[%emt 0:01:30]} Nf5 {[%emt 0:01:22]} 24. h3 {[%emt 0:10:54]} a5 {[%emt 0:07:12]} 25. Bh2 {[%emt 0:07:53]} Qf7 {[%emt 0:00:38]} 26. Reb1 {[%emt 0:00:31]} Nxd4 {[%emt 0:01:02]} 27. cxd4 {[%emt 0:00:13]} Bxd4 {[%emt 0:00:03]} 28. Bg3 {[%emt 0:01:09]} e5 {[%emt 0:00:08]} 29. Kh2 {[%emt 0:03:03]} Rf6 {[%emt 0:01:53]} 30. f3 {[%emt 0:00:25]} Qd7 {[%emt 0:01:02]} 31. Rb5 {[%emt 0:00:56]} Rxf3 {[%emt 0:00:33]} (31... Rd6 $142 32. Re1 Qe6) 32. gxf3 {[%emt 0:00:16]} Rxf3 {[%emt 0:00:05]} 33. Rf1 {[%emt 0:01:30]} Be3 {[%emt 0:00:47]} 34. Qe2 {[%emt 0:00:49]} Rxf1 {[%emt 0:00:40]} 35. Qxf1 {[%emt 0:00:05]} e4 {[%emt 0:00:03]} 36. Rxd5 {[%emt 0:00:47]} Qe7 {[%emt 0:00:54]} 37. Bc4 {[%emt 0:00:47]} Kg7 {[%emt 0:00:15]} 38. Be5+ {[%emt 0:00:54]} Kh6 {[%emt 0:00:13]} 39. Bf4+ {[%emt 0:00:09]} Bxf4+ {[%emt 0:00:34]} 40. Qxf4+ {[%emt 0:00:06]} Kg7 {[%emt 0:40:09]} 41. Qe5+ $18 {[%emt 0:40:07]} 1-0

[Event "43rd Guernsey Festival 2017"]
[Site "Vale"]
[Date "2017.10.20"]
[Round "6"]
[White "Hamperl, Fred"]
[Black "Sielicki, Tomasz"]
[Result "1-0"]
[WhiteElo "2062"]
[BlackElo "1997"]
[Annotator "NA RC"]
[PlyCount "101"]
[EventDate "2017.??.??"]
[EventType "swiss"]
[EventCountry "GCI"]
[SourceTitle "playchess.com"]
[Source "ChessBase"]
[SourceQuality "1"]
[TimeControl "40/6000+30:2400+30"]

{[%evp 8,101,6,-21,15,12,8,6,0,0,5,0,20,32767,32767,32767,32767,32767,5,9,20,0,0,3,30,12,51,47,170,147,152,43,115,32767,328,32767,108,71,94,81,150,93,85,86,863,745,929,975,927,96,127,101,96,30,113,112,106,92,106,108,188,184,188,220,207,196,220,257,215,269,375,325,324,323,358,277,32767,32767,216,32767,666,32767,32767,32767,12840,29947,6319,29983,29989,29983,29980,29985,29994,29995,29996,29991]} 1. e4 {[%emt 0:00:00]} e5 {[%emt 0:00:12]} 2. Nf3 {[%emt 0:00:00]} Nc6 {[%emt 0:00:10]} 3. d4 {[%emt 0:00:18]} exd4 {[%emt 0:00:14]} 4. Nxd4 {[%emt 0:00:05]} Nf6 {[%emt 0:00:53]} 5. Nxc6 {[%emt 0:00:11]} bxc6 {[%emt 0:00:20]} 6. Bd3 {[%emt 0:00:16]} d5 {[%emt 0:00:32]} 7. exd5 {[%emt 0:00:23]} cxd5 {[%emt 0:00:17]} 8. O-O {[%emt 0:01:40]} Be7 {[%emt 0:00:30]} 9. c4 {[%emt 0:00:33]} O-O {[%emt 0:00:30]} 10. cxd5 {[%emt 0:05:00] C45: Scotch Game} (10. Nc3 Bb7 11. Qb3 Ba6 12. Nxd5 Nxd5 13. cxd5 Rb8 14. Qc2 Bxd3 15. Qxd3 Bf6 16. Bf4 Rb4 17. Qf3 Bxb2 {½-½ (49) Mrazik,L (2508)-Frey Beckman,K (2700) ICCF email 2004}) 10... Bb7 {[%emt 0:02:09]} 11. Nc3 {[%emt 0:00:29]} Nxd5 {[%emt 0:00:52]} 12. Bd2 $146 {[%emt 0:01:19]} ({Predecessor:} 12. Qh5 g6 13. Qh3 Nxc3 14. bxc3 Qc8 15. Qg3 Bd6 16. Bf4 Rd8 17. Rfd1 Qe6 18. Bf1 Bd5 19. Bxd6 Rxd6 20. c4 Bxc4 21. Rxd6 cxd6 22. Bxc4 Qxc4 23. Qxd6 {½-½ (23) Ivanov,S (2329)-Dokutchaev,A (2414) Finland 2016}) 12... Nb4 {[%emt 0:13:38]} 13. Be4 {[%emt 0:02:00]} Bxe4 {[%emt 0:04:31]} 14. Nxe4 {[%emt 0:00:20]} Rb8 {[%emt 0:09:30]} 15. Bc3 {[%emt 0:06:10]} f5 {[%emt 0:20:13]} 16. Ng3 {[%emt 0:05:09]} g6 {[%emt 0:15:24]} 17. Qe2 {[%emt 0:04:06]} Rf7 {[%emt 0:09:31]} (17... Bf6 $14) 18. Rfd1 {[%emt 0:05:55]} Qc8 {[%emt 0:03:13] [#]} 19. Qc4 {[%emt 0:21:11]} (19. a3 $1 $16 {[%cal Ra3b4]} Na6 20. Rd2) 19... Rb6 {[%emt 0:09:26]} ({Black should try} 19... c5 $14) 20. a3 {[%emt 0:03:32]} Rc6 $2 {[%emt 0:04:03]} (20... Nc6 $16 21. Re1 Bf8) 21. Qb5 {[%emt 0:05:19]} Rb6 {[%emt 0:00:19]} 22. Qa4 {[%emt 0:05:30]} Na6 {[%emt 0:01:52]} 23. Rd5 {[%emt 0:05:28]} Bf6 {[%emt 0:02:18]} (23... c5 $14) 24. Re1 {[%emt 0:06:46]} (24. Rad1 $18 Rd6 25. Bxf6 (25. Rxd6 cxd6 26. Rxd6 Bxc3 $16) 25... Rfxf6 26. Ne2) 24... Re6 {[%emt 0:05:11]} 25. Red1 {[%emt 0:07:38]} Qb7 $2 {[%emt 0:01:09]} (25... Qe8 $16 26. Qb3 Bg5) 26. Bxf6 {[%emt 0:04:01]} Rexf6 {[%emt 0:00:23]} 27. Rd8+ {[%emt 0:03:28]} Kg7 {[%emt 0:00:24]} 28. R1d7 $2 {[%emt 0:05:19]} (28. Qf4 $1 $18 {[%cal Rf4g5] is the precise move to win.} Re7 {[#]} 29. Nh5+ $1 {[%mdl 512]} gxh5 30. Qg5+ Rg6 31. Qxe7+ Kh6 32. Qe3+ Rg5 33. R8d6+ $1 {[%mdl 512]} cxd6 34. Rxd6+ Kg7 35. Qxg5+ Kf8 36. Qf6+ Qf7 37. Rd8#) 28... Qb6 {[%emt 0:01:38]} 29. Rxf7+ {[%emt 0:01:51]} Rxf7 {[%emt 0:00:35]} 30. Rd7 {[%emt 0:00:55]} (30. b4 $16) 30... Qe6 {[%emt 0:02:54]} ({Black should play} 30... Nb8 $14 31. Rxf7+ Kxf7) 31. Qd4+ {[%emt 0:00:52]} Qf6 {[%emt 0:00:29]} 32. Rxf7+ {[%emt 0:00:21]} Kxf7 {[%emt 0:00:07]} 33. Qxa7 {[%emt 0:00:35]} Qc6 {[%emt 0:01:39]} (33... Qd6 $16) 34. Qd4 {[%emt 0:01:32]} Qe6 {[%emt 0:01:23]} 35. h3 {[%emt 0:01:13]} c5 {[%emt 0:00:12]} 36. Qc3 {[%emt 0:00:37]} c4 {[%emt 0:00:30]} 37. Nf1 {[%emt 0:00:51]} ({Resist} 37. Qh8 $6 h5 $18) 37... Nc5 {[%emt 0:00:13]} 38. Ne3 {[%emt 0:00:43]} Na4 {[%emt 0:00:57]} (38... Ne4 {might work better.} 39. Qxc4 Qxc4 40. Nxc4 Ke6) 39. Qb4 {[%emt 0:01:47]} Nb6 {[%emt 0:00:08]} 40. a4 {[%emt 0:02:49]} f4 {[%emt 0:40:49]} 41. Ng4 {[%emt 0:06:53]} h5 {[%emt 0:00:00]} 42. Ne5+ {[%emt 0:01:06]} Qxe5 {[%emt 0:00:00]} 43. Qxb6 {[%emt 0:00:19]} Kg7 $2 {[%emt 0:00:00]} (43... g5 44. Qb4 Kg6) 44. a5 {[%emt 0:09:06]} f3 {[%emt 0:00:00]} 45. a6 {[%emt 0:04:37]} fxg2 {[%emt 0:00:00]} 46. Qb7+ {[%emt 0:02:06]} Kh6 {[%emt 0:00:00]} 47. a7 {[%emt 0:02:27]} c3 {[%emt 0:00:00]} 48. bxc3 {[%emt 0:01:14]} Qxc3 {[%emt 0:00:00]} 49. a8=Q {[%emt 0:02:07]} Qe1+ {[%emt 0:00:00]} 50. Kxg2 {[%emt 0:00:17]} Qe5 {[%emt 0:00:00]} 51. Qf3 {[%emt 0:00:42]} 1-0

[Event "43rd Guernsey Festival 2017"]
[Site "Vale"]
[Date "2017.10.20"]
[Round "6"]
[White "Wager, John D"]
[Black "Mack, Wolfgang"]
[Result "1-0"]
[WhiteElo "2025"]
[BlackElo "2149"]
[Annotator "TA"]
[PlyCount "44"]
[EventDate "2017.??.??"]
[EventType "swiss"]
[EventCountry "GCI"]
[SourceTitle "playchess.com"]
[Source "ChessBase"]
[SourceQuality "1"]

{[%evp 11,44,0,12,-9,0,0,-17,-14,6,14,16,-9,0,-16,0,-2,0,-5,8,-16,-6,-65,26,-7,62,-18,-20,-23,-30,-30,-16,-20,0,-482,-466]} 1. Nf3 g6 2. g3 Bg7 3. Bg2 e5 4. d3 d6 5. c4 Ne7 6. Nc3 O-O {LiveBook: 32 Games. A21: English Opening: 1...e5 2 Nc3} 7. Bd2 (7. Rb1 h6 8. O-O f5 9. Nd2 Nd7 10. b4 Nf6 11. b5 g5 12. e3 Ng6 13. Nd5 Nxd5 14. cxd5 g4 15. f4 exf4 16. exf4 h5 17. Bb2 Bxb2 18. Rxb2 h4 19. Re1 Qf6 {1-0 (46) Erdogdu,M (2441)-Yilmazyerli,M (2443) Gebze 2016}) 7... h6 8. Qc1 Kh7 {The position is equal.} 9. O-O Nd7 $146 ({Predecessor:} 9... Nbc6 10. Rb1 a5 11. a3 f5 12. b4 axb4 13. axb4 Be6 14. b5 Nb8 15. Qc2 Nd7 16. Na4 Bf7 17. Bb4 b6 18. Nd2 Rb8 {1-0 (37) Nonnenmacher,T-Bokelbrink,U (2250) Pinneberg 1997}) 10. b4 f5 11. e4 Nf6 12. a4 g5 13. exf5 Bxf5 14. Ne4 Ng6 15. Bc3 c6 16. Qb2 ({Better is} 16. Nxf6+ $11 Bxf6 17. Rd1) 16... Nh5 (16... Bxe4 $15 17. dxe4 Nxe4) 17. Qe2 {[#] Hoping for Nfxg5+!} Kh8 (17... g4 $11) 18. Nxe5 (18. Ne1 $1 $14 Nf6 19. Nxf6 Rxf6 20. Nc2) 18... Ngf4 $11 19. gxf4 Nxf4 20. Qb2 {Threatens to win with Ng6+!} dxe5 21. Bxe5 Rf7 22. Nd6 $2 {[%mdl 8192] [#]} (22. Bxg7+ $11 Rxg7 23. Rfd1) 22... Qxd6 $1 {[%mdl 33280] Precision: White = 25%, Black = 34%. . Loss on Time!?} 1-0